书目信息 |
| 题名: |
古印度文明读本
|
|
| 作者: | 陈荣月 编著 | |
| 分册: | ||
| 出版信息: | 北京 中国档案出版社 2006 |
|
| 页数: | 169页 | |
| 开本: | 21cm | |
| 丛书名: | 世界文明之旅 | |
| 单 册: | ||
| 中图分类: | K351.1 | |
| 科图分类: | ||
| 主题词: | 文化史--印度--古代 , 文化史 | |
| 电子资源: | ||
| ISBN: | 7-80166-522-8 | |
| 000 | 00876oam2 2200277 45 | |
| 001 | 01012006061501 | |
| 005 | 20070116161211.03 | |
| 010 | @a7-80166-522-8@dCNY258.00(全10册) | |
| 092 | @aCN@b496489 | |
| 100 | @a20060615d2006 em y0chiy0121 ea | |
| 101 | 0 | @achi |
| 102 | @aCN@b110000 | |
| 105 | @aa z 000yy | |
| 200 | 1 | @a古印度文明读本@Agu yin du wen ming du ben@f陈荣月编著@Fchen rong yue bian zhu |
| 210 | @a北京@c中国档案出版社@d2006 | |
| 215 | @a169页@c图@d21cm | |
| 225 | 2 | @a世界文明之旅 |
| 320 | @a有书目 | |
| 330 | @a本书内容包括:古印度文明的起源、古印度文明的陷落、印度的种姓制度及宗教、古印度哲学、古印度神话等、古印度文化等。 | |
| 461 | 0 | @12001 @a世界文明之旅 |
| 606 | 0 | @a文化史@y印度@z古代 |
| 606 | 0 | @a文化史 |
| 690 | @aK351.1@v4 | |
| 701 | 0 | @a陈荣月@Achen rong yue@4编著 |
| 801 | 0 | @aCN@bLZJBOOK@c20070116 |
| 905 | @a10447@dK351.1@e13 | |
| 古印度文明读本/陈荣月编著.-北京:中国档案出版社,2006 |
| 169页:图;21cm.-(世界文明之旅) |
| ISBN 7-80166-522-8:CNY258.00(全10册) |
| 本书内容包括:古印度文明的起源、古印度文明的陷落、印度的种姓制度及宗教、古印度哲学、古印度神话等、古印度文化等。 |
| ● |
| 相关链接 |
|
|
|
|
正题名:古印度文明读本
索取号:K351.1/13
 
预约/预借
| 序号 | 登录号 | 条形码 | 馆藏地/架位号 | 状态 | 备注 |
| 1 | 0567699 | 205676990 | 第二样本阅览室/ [索取号:K351.1/13] | 在馆 | |
| 2 | 0567700 | 205677007 | 第二借阅区/ [索取号:K351.1/13] | 在馆 | |
| 3 | 0567701 | 205677016 | 第二借阅区/ [索取号:K351.1/13] | 在馆 | |
| 4 | 0567702 | 205677025 | 第二借阅区/ [索取号:K351.1/13] | 在馆 | |
| 5 | 0567703 | 205677034 | 第二借阅区/ [索取号:K351.1/13] | 在馆 | |
| 6 | 0567704 | 205677043 | 第二借阅区/ [索取号:K351.1/13] | 在馆 | |
| 7 | 0567705 | 205677052 | 第二借阅区/ [索取号:K351.1/13] | 在馆 | |
| 8 | 0567706 | 205677061 | 第二借阅区/ [索取号:K351.1/13] | 在馆 |